00477nam a2200217Ia 4500003000900000008004100009040001300050040001300063041000800076100002400084245003700108250001100145260000800156260000900164300001100173300000700184300001000191490000600201600003300207700001900240IT-RoPAU120407s9999 xx 000 0 und d aIT-RoPAU cIT-RoPAU aita aPiero Bianucci  aAdesso anche gli uomini piangono aTorino aSei c1976 a120 p. bsi c27 cm v1 aIl Friuli dopo due terremoti aGiovanni Perno